Průvodce po brněnských knihovnách /

Main Author: Papírník, Miloš, 1924-2012
Other Authors: Trautmann, Jaromír, 1921-1985, Jakubíček, Milan, 1923-2014, Kleskeňová, Dagmar, 1923-2016
Language: Czech
Published: Brno : Státní vědecká knihovna, 1968
Series: Na pomoc čtenářům a knihovníkům
Online Access: Digitalizovaný dokument
Physical Description: 59 s.
Book
Saved in:
LEADER 01936nam a22003732a 4500
001 000071919
003 CZ BrMZK
005 20140314184539.0
007 ta
008 010907s1968 xr f cze d
015 |a cnb000449172 
035 |a (OCoLC)25780749 
040 |a BOA001  |b cze 
100 1 |a Papírník, Miloš,  |d 1924-2012  |7 jk01091723  |4 aut 
245 1 0 |a Průvodce po brněnských knihovnách /  |c zpracoval Miloš Papírník za spolupráce Milana Jakubíčka, Dagmar Kleskeňové a Jaromíra Trautmanna 
260 |a Brno :  |b Státní vědecká knihovna,  |c 1968 
300 |a 59 s. 
490 1 |a Na pomoc čtenářům a knihovníkům ;  |v sv. 34 
500 |a Dostupné též v digitalni podobě v aplikaci Kramerius 
700 1 |a Trautmann, Jaromír,  |d 1921-1985  |7 jk01140032  |4 edt 
700 1 |a Jakubíček, Milan,  |d 1923-2014  |7 jk01050708  |4 edt 
700 1 |a Kleskeňová, Dagmar,  |d 1923-2016  |7 mzk2003196499  |4 edt 
830 0 |a Na pomoc čtenářům a knihovníkům 
856 4 1 |u http://www.digitalniknihovna.cz/mzk/uuid/uuid:b2a80170-9cfd-11e2-9a08-005056827e52  |y Digitalizovaný dokument  |x NDK 
910 |a BOA001  |b 1-0604.536  |b PK-A-0011.611 
920 |a 000043387 
990 |a BK 
996 6 |b 2619255558  |c 1-0604.536  |l MZK  |r Sklad / do 1 hodiny  |n 1  |w 000071919  |u 000050  |a 1  |e BOA001  |j MZK50  |s P 
996 7 |b 2619483999  |c 1-0604.536  |l MZK  |r Sklad / do 1 hodiny  |n 0  |w 000071919  |u 000060  |a 1  |e BOA001  |j MZK50  |s A 
996 7 |b 2619743935  |c 1-0604.536  |l MZK  |r Sklad / do 1 hodiny  |n 2  |w 000071919  |u 000040  |a 1  |e BOA001  |j MZK50  |s A 
996 7 |b 2619777074  |c 1-0604.536  |l MZK  |r Sklad / do 1 hodiny  |n 4  |w 000071919  |u 000030  |a 1  |e BOA001  |j MZK50  |s A 
996 7 |b 2619960301  |c 1-0604.536  |l MZK  |r Sklad / do 1 hodiny  |n 1  |w 000071919  |u 000010  |a 1  |e BOA001  |j MZK50  |s A 
996 7 |b 2619967804  |c 1-0604.536  |l MZK  |r Sklad / do 1 hodiny  |n 3  |w 000071919  |u 000020  |a 1  |e BOA001  |j MZK50  |s A 
996 7 |b 3119986274  |c PK-A-0011.611  |l MZK  |r Sklad / do 1 hodiny  |n 3  |w 000071919  |u 000070  |a 1  |e BOA001  |j MZK50  |s A